20 de Abril - Celtas Cortos - Estadísticas

Estadísticas generales
  • Esta prueba ha sido intentada 249 veces
  • La puntuación promedio es 182 de 219
Estadísticas de respuestas
% Correcto
Verso 20
100%
a
100%
abril
100%
de
100%
90
99%
del
99%
no
99%
uh
99%
es
98%
¿Te
98%
que
97%
qué
97%
¿Qué
97%
¿cómo
96%
como
96%
y
96%
estás?
94%
la
94%
La
94%
Las
94%
los
94%
¿tú
94%
Hola
92%
te
92%
tu
92%
92%
antes
90%
cabaña
90%
cambiado,
90%
cambiado
90%
en
90%
han
90%
Me
89%
me
89%
chata,
88%
juntos
88%
Lo
88%
lo
88%
noche
88%
hay
87%
nadie
87%
queda
87%
86%
Si
86%
si
86%
aquella
85%
casi
85%
escriba?
84%
nos
84%
todos
83%
hacíamos
80%
melancolía
80%
normal
80%
Estribillo ¿Recuerdas
80%
solo
80%
tal?
80%
tal
80%
tiempo
80%
Di
79%
estaba
79%
aquí
78%
el
78%
Pues
78%
pues
78%
Tanto
78%
tenía
78%
tus
78%
con
77%
hablar
76%
recordar
76%
ya
76%
Yo
76%
ese?
73%
mis
73%
sorprende
73%
va
73%
Verso Pero
71%
pero
71%
puesto
71%
tío
71%
risas
70%
bueno
69%
Verso Bueno
69%
entró
69%
había
69%
siempre,
69%
Espero
68%
sigo
67%
chica,
66%
despido
66%
verdad
66%
mismo
65%
música
65%
Turmo?
65%
vemos
65%
dicho
64%
divertido
64%
hasta
64%
Hasta
64%
sea
64%
sigue
64%
canciones
62%
cansa,
62%
nada
62%
palabras
62%
conciencia
59%
Hoy
59%
tienes
59%
contestas
57%
críos
57%
currando
57%
pronto
57%
vacío
56%
encuentro
55%
sueños
53%
mola
52%
desordenen
29%
No se encontraron pruebas coincidentes
Distribución de puntuación
Porcentaje de gente con cada puntuación
Porcentaje por número respondido
Historial de tus puntuaciones
No has intentado esta prueba.